| 000 | 01215nam0a2200313 4500 | ||
|---|---|---|---|
| 001 | RU\NLR\BIBL_A\011367526 | ||
| 005 | 20260406075520.0 | ||
| 010 |
_a9785917753300 _93000 |
||
| 021 |
_aRU _b2017-18696 _91380 |
||
| 035 | _a(RuMoRGB)008826149 | ||
| 035 | _a(NLR Aleph) 011367526 | ||
| 090 |
_a11332410 _c11332410 |
||
| 100 | _a20170414d2017 c y0rusy50 ca | ||
| 101 | 0 | _arus | |
| 102 | _aRU | ||
| 105 | _aa z 000ay | ||
| 200 | 1 |
_aБабушка - кошка, ты не дёргай её за хвост! _e[для младшего школьного возраста] _fМария Графова _g[художник Катерина Путилина] |
|
| 210 |
_aМосква _cСпорт и Культура - 2000 _d2017 |
||
| 215 |
_a63, [1] с. _cцв. ил. _d22 |
||
| 333 | _a6+ | ||
| 686 |
_aШ9(2)6=Р70-40 _2rubbk |
||
| 686 | 0 | _aШ9(2)60=Р7-2 | |
| 700 | 1 |
_aГрафова _bМ. А. _gМария Александровна |
|
| 702 | 1 |
_4040 _aПутилина _bК. _cхудожник _gКатерина _9172611 _3RU\NLR\AUTH\770172662 |
|
| 942 | _cBOOK | ||
| 980 | _aNBR | ||